[Event "Satka Autumn op (Women)"]
[Site "Satka"]
[Date "2014.09.22"]
[Round "2"]
[White "Dolgaeva, Evgenia"]
[Black "Nasybullina, Dayana"]
[Result "1/2-1/2"]
[WhiteElo "1873"]
[BlackElo "1352"]
[PlyCount "139"]
[EventDate "2014.09.21"]
[EventType "swiss"]
[EventRounds "9"]
[EventCountry "RUS"]
[SourceTitle "CBM 162 Extra"]
[Source "ChessBase"]
[SourceDate "2014.10.17"]
[SourceVersion "1"]
[SourceVersionDate "2014.10.17"]
[SourceQuality "1"]

1. e4 e6 2. d4 d5 3. exd5 exd5 4. Nf3 Bf5 5. Qe2+ Qe7 6. Be3 Nc6 7. Nc3 Nf6 8. h3 0-0-0 9. g4 Be4 10. 0-0-0 g6 11. a3 Bg7 12. Rg1 h6 13. Nd2 g5 14. Nb3 Bg6 15. Nc5 Nb8 16. Nb5 Nc6 17. Nc3 Nb8 18. Re1 Rhe8 19. Qb5 c6 20. Qb3 Ne4 21. N3xe4 Bxe4 22. Be2 Qc7 23. f3 Bg6 24. Kb1 Nd7 25. Bf2 Nxc5 26. dxc5 Re6 27. Bg3 Be5 28. Bxe5 Rxe5 29. Bd3 Bxd3 30. Qxd3 Rde8 31. Rxe5 Qxe5 32. Rd1 Qf4 33. Qc3 Qe3 34. Qf6 Qe6 35. Qc3 Qe2 36. Rd3 Qe1+ 37. Ka2 Qxc3 38. Rxc3 Re2 39. Kb3 Rh2 40. Re3 Kd7 41. Kc3 Rxh3 42. Kd4 f6 43. Rb3 Kc7 44. Re3 Rg3 45. Re7+ Kc8 46. Ke3 Rg2 47. Rf7 Rxc2 48. Rxf6 Rxc5 49. Kd3 Rc1 50. Rxh6 Rb1 51. Kc3 Rf1 52. Rf6 c5 53. b4 d4+ 54. Kd3 Rd1+ 55. Kc2 Ra1 56. bxc5 Rxa3 57. Rf5 a5 58. Rxg5 Rxf3 59. Rd5 Rf4 60. g5 Rg4 61. Kd3 Kc7 62. Rxd4 Rxg5 63. Kc4 a4 64. Kb4 a3 65. Kxa3 Rxc5 66. Kb4 Rh5 67. Rg4 b6 68. Rg6 b5 69. Rf6 Rd5 70. Rg6 1/2-1/2

[Event "Satka Autumn op (Women)"]
[Site "Satka"]
[Date "2013.09.11"]
[Round "9"]
[White "Pranizina, Alina"]
[Black "Dolgaeva, Evgenia"]
[Result "0-1"]
[WhiteElo "1867"]
[BlackElo "1850"]
[PlyCount "54"]
[EventDate "2013.09.03"]
[EventType "swiss"]
[EventRounds "9"]
[EventCountry "RUS"]
[SourceTitle "CBM 156 Extra"]
[Source "ChessBase"]
[SourceDate "2013.10.22"]
[SourceVersion "1"]
[SourceVersionDate "2013.10.22"]
[SourceQuality "1"]

1. e4 c5 2. Nf3 Nc6 3. Bb5 e6 4. Bxc6 dxc6 5. d3 Qc7 6. 0-0 Bd6 7. Re1 e5 8. h3 Ne7 9. Nbd2 b5 10. Nf1 h6 11. Be3 Be6 12. Qd2 a5 13. c3 Ng6 14. Ng3 Qd7 15. Nh5 f6 16. Bxh6 Bf8 17. a4 Kf7 18. axb5 cxb5 19. d4 Rxh6 20. Qe2 Bc4 21. Qe3 Rxh5 22. Rad1 cxd4 23. cxd4 Nf4 24. Nh2 Nxh3+ 25. Kh1 Bb4 26. dxe5 Qe6 27. Qf3 Rah8 0-1

[Event "Satka Autumn op (Women)"]
[Site "Satka"]
[Date "2013.09.03"]
[Round "1"]
[White "Dolgaeva, Evgenia"]
[Black "Samigullina, Diana"]
[Result "0-1"]
[WhiteElo "1850"]
[BlackElo "2129"]
[PlyCount "70"]
[EventDate "2013.09.03"]
[EventType "swiss"]
[EventRounds "9"]
[EventCountry "RUS"]
[SourceTitle "CBM 156 Extra"]
[Source "ChessBase"]
[SourceDate "2013.10.22"]
[SourceVersion "1"]
[SourceVersionDate "2013.10.22"]
[SourceQuality "1"]

1. e4 c6 2. d4 d5 3. Nc3 dxe4 4. Nxe4 Nf6 5. Nxf6+ exf6 6. Nf3 Bg4 7. Be3 Bd6 8. Bd3 0-0 9. h3 Bh5 10. 0-0 Nd7 11. c3 Re8 12. Bc2 Nf8 13. Kh1 Bc7 14. g4 Bg6 15. Bxg6 Nxg6 16. Qb3 Qd6 17. c4 Rxe3 18. Qxe3 Nh4 19. Ne5 fxe5 20. dxe5 Qxe5 21. Qxe5 Bxe5 22. f4 Bxb2 23. Rab1 Bd4 24. Rxb7 Ng6 25. Kg2 Re8 26. Kg3 f6 27. Rc7 Nxf4 28. Rxc6 g5 29. Rd6 Re3+ 30. Rf3 Re2 31. Rf1 Rxa2 32. h4 Ra3+ 33. Rf3 gxh4+ 34. Kxf4 Be5+ 35. Ke4 Bxd6 0-1